000 00649cam a2200217 a 4500
001 000008842
005 20240305135409.0
008 770808s1980 ck 000 e spa d
040 _aDO-SdBNP
_bspa
_cLC
_dBNPHU
082 _aC864.44
_bG216cr, 1980
100 1 _aGarcía Márquez, Gabriel,
_b1928-2014
_d1928-
_91804
245 1 0 _aCrónicas y reportajes /
_cGabriel García Márquez.
250 _a5a ed.
260 _aBogotá :
_bLa Oveja Negra,
_c1980.
300 _a398 p. ;
_c17 cm.
650 4 _aEnsayos colombianos
_914811
650 4 _aLiteratura colombiana
_91244
910 _aCatalogación por copia / LC
910 _aWM
049 _aBNGR
999 _c8611
_d8611